000 00871nam a22002297a 4500
005 20150124130720.0
008 140611t mx||||| |||| 00| 0 spa d
020 _a970180001X
050 0 4 _aN5613
_bM34 1997
245 0 0 _aMagna Grecia y Sicilia /
_ccoordinación editorial Sandro Landucci Lerdo de Tejada, Adriana Konzevik ; traducción Tomás Serrano.
250 _a1a ed.
260 _aMéxico :
_bMuseo Nacional de Antropología, Instituto Nacional de Antropología e Historia, Fomento Cultural Banamex,
_c1997
300 _a253 p. :
_bil. ;
_c33 cm.
650 4 _aMagna Grecia
_vHistoria
650 4 _aArte griego
_vExposiciones
651 4 _aGrecia
_xAntiguedades
651 4 _aSicilia
_xArte griego
_zItalia
700 1 _aLanducci Lerdo de Tejada, Sandro,
_ecoord.
700 1 _aKonzevik, Adriana,
_ecoord.
700 1 _aSerrano, Tomás,
_etr.
942 _2lcc
_cLIB
999 _c57101
_d57101